Comunidad eclesial y misiones
Saved in:
| Format: | Bog |
|---|---|
| Sprog: | spansk |
| Udgivet: |
Burgos
Biblioteca Semanas Misionales
1971
|
| Fag: | |
| Tags: |
Tilføj Tag
Ingen Tags, Vær først til at tagge denne postø!
|
MARC
| LEADER | 00000nam a2200000 a 4500 | ||
|---|---|---|---|
| 001 | UCL3767 | ||
| 003 | CL-VaPUC | ||
| 005 | 20210303001544.0 | ||
| 008 | 031212e19710000sp 1 spa d | ||
| 082 | 0 | 4 | |a 266 |b COM |2 21 |
| 245 | 1 | 0 | |a Comunidad eclesial y misiones |
| 260 | |a Burgos |b Biblioteca Semanas Misionales |c 1971 | ||
| 300 | |a 378 p | ||
| 583 | |a last modification |c 20031212 00:00:00 |k Rodrigo Vera | ||
| 650 | 0 | 7 | |a EVANGELIZACION |2 CL-VaPUC |9 620429 |
| 650 | 0 | 0 | |a Teología pastoral |9 257832 |
| 650 | 0 | 7 | |a MISIONES |2 CL-VaPUC |9 269280 |
| 942 | |c BK | ||
| 945 | |a vberengu |d 20031212 00:00:00 | ||
| 546 | |a En Español | ||
| 536 | |a Episcopado Español | ||
| 518 | |p Semana Española de Misionología, 23, Burgos, 3-8 de agosto de 1970 | ||
| 999 | |c 383947 |d 383945 | ||
| 952 | |0 0 |1 0 |4 0 |6 266_000000000000000_COM_1971 |7 0 |8 A |9 506279 |a BIBTEO |b BIBTEO |d 2020-01-23 |i 2097303 |o 266 COM 1971 |p 2097303 |r 2025-01-17 |w 2020-01-23 |y BK |k ICR | ||